| 000 | 02405cam a22005534i 4500 | ||
|---|---|---|---|
| 003 | PE-LiUPU | ||
| 005 | 20250731173539.0 | ||
| 008 | 150616s r 000 0 d | ||
| 020 | _a031058471X | ||
| 035 | _a(Sirsi) i9780310584711 | ||
| 040 |
_aPE-LiUPU _bspa _cPE-LiUPU _erda |
||
| 049 | _aPRUA | ||
| 082 | 0 | 4 |
_a254.6 _bT37 _221 |
| 082 | 0 | 4 |
_a286.73205 _bEMi _221 |
| 100 | 1 |
_aTennyson, Mack, _eautor. |
|
| 245 | 1 | 0 | _aMaking Committees Work. |
| 264 | 1 |
_aGrand Rapids, Michigan : _bZondervan Publishing House, _c1992. |
|
| 300 |
_a125 páginas ; _c21 centímetros |
||
| 336 |
_atext _2rdacontent |
||
| 337 |
_aunmediated _2rdamedia |
||
| 338 |
_avolume _2rdacarrier |
||
| 505 | 0 | _aThe spirited meeting.- We must stop meeting like this.- Types of meetings.- Before the meeting.- To chair or not to chair a committee. | |
| 526 | _aSEG42 | ||
| 526 | _aSEG41 | ||
| 526 | _aSEG40 | ||
| 526 | _aSEG39 | ||
| 526 | _aP94 | ||
| 526 | _aP87 | ||
| 526 | _aP86 | ||
| 526 | _aP85 | ||
| 526 | _aP77 | ||
| 526 | _aP76 | ||
| 526 | _aP35 | ||
| 650 | 0 | 4 | _aREUNION DE IGLESIAS. |
| 910 |
_ajck _bjvq _cjck |
||
| 942 |
_2ddc _cBOOK |
||
| 949 |
_a254.6 T37 _wDEWEY _c1 _i42553 _lCCODEBUL1 _mBUL _r0 _sY _tBOOK _u2015-6-16 _xTEOLOGIA _zUNKNOWN _0COMPRA _o.STAFF. Colección General |
||
| 949 |
_a254.6 T37 _wDEWEY _c2 _i40530 _lCCODEBUL1 _mBUL _r0 _sY _tBOOK _u2015-4-23 _xTEOLOGIA _zUNKNOWN _0COMPRA _o.STAFF. Colección General |
||
| 949 |
_a254.6 T37 _wDEWEY _c3 _i40531 _lCCODEBUL1 _mBUL _r0 _sY _tBOOK _u2015-4-23 _xTEOLOGIA _zUNKNOWN _0COMPRA _o.STAFF. Colección General |
||
| 994 |
_aC0 _bPEPRU |
||
| 596 | _a1 4 | ||
| 999 |
_a254.6 T37 _wDEWEY _c60385 _i42553 _f2021-11-10 _g5 _lCCODEBUL1 _mBUL _r0 _sY _tBOOK _u2015-6-16 _xTEOLOGIA _zUNKNOWN _0COMPRA _o.STAFF. Colección General _d60385 |
||
| 999 |
_a254.6 T37 _wDEWEY _c2 _i40530 _f2021-11-10 _g5 _lCCODEBUL1 _mBUL _r0 _sY _tBOOK _u2015-4-23 _xTEOLOGIA _zUNKNOWN _0COMPRA _o.STAFF. Colección General |
||
| 999 |
_a254.6 T37 _wDEWEY _c3 _i40531 _f2021-11-10 _g5 _lCCODEBUL1 _mBUL _r0 _sY _tBOOK _u2015-4-23 _xTEOLOGIA _zUNKNOWN _0COMPRA _o.STAFF. Colección General |
||
| 999 |
_a286.73205 EMI 11 _wDEWEY _c1 _iCW66454 _f2021-12-22 _g2 _lCCODECWL1 _mBWL _p10.00 _r0 _sY _tBOOK _u2018-7-17 _xWHITE _zUNKNOWN _0COMPRA _o.STAFF. Centro White |
||
| 980 |
_81 _gALBERTO SANCHEZ Responsable de Automatización |
||